Biggest Cities by State of Mexico - Statistics

General Stats
  • This quiz has been taken 29 times
  • The average score is 24 of 40
Answer Stats
State Population City % Correct
Distrito Federal 8,843,706 Mexico City
95%
Baja California 1,810,645 Tijuana
89%
Jalisco 1,385,621 Guadalajara
84%
Nuevo Leon 1,142,952 Monterrey
84%
Guerrero 658,609 Acapulco
74%
Quintana Roo 888,794 Cancun
74%
Chihuahua 1,501,551 Ciudad Juarez
74%
Oaxaca 258,913 Oaxaca de Juarez
74%
San Luis Potosi 845,941 San Luis Potosi
74%
Aguascalientes 863,893 Aguascalientes
68%
Puebla 1,542,232 Puebla
68%
Chihuahua 925,762 Chihuahua
63%
Durango 616,068 Durango
63%
Guanajuato 1,579,803 Leon
63%
Yucatan 921,771 Merida
63%
Michoacan 743,275 Morelia
63%
Queretaro 794,789 Santiago de Queretaro
63%
Veracruz 537,963 Veracruz
63%
Mexico 1,643,623 Ecatepec de Morelos
58%
Sonora 855,563 Hermosillo
58%
Tamaulipas 510,739 Heroica Matamoros
58%
Baja California 854,186 Mexicali
58%
Tamaulipas 691,557 Reynosa
58%
Campeche 249,623 Campeche
53%
Sinaloa 808,416 Culiacan Rosales
53%
Nuevo Leon 635,862 Guadalupe
53%
Zacatecas 170,029 Guadalupe
53%
Baja California Sur 250,141 La Paz
53%
Coahuila 864,431 Saltillo
53%
Coahuila 690,193 Torreon
53%
Chiapas 578,830 Tuxtla Gutierrez
53%
Jalisco 1,257,547 Zapopan
53%
Hidalgo 297,848 Pachuca de Soto
47%
Morelos 341,029 Cuernavaca
42%
Mexico 911,168 Naucalpan de Juarez
42%
Tabasco 340,060 Villahermosa
42%
Colima 159,853 Manzanillo
37%
Nayarit 371,387 Tepic
37%
Mexico 1,072,676 Nezahualcoyotl
32%
Jalisco 650,123 Tlaquepaque
32%
No matching quizzes found
Score Distribution
Percent of People with Each Score
Percentile by Number Answered
Your Score History
You have not taken this quiz